Facts and figures for the State Reorganisation Commission (Record no. 488871)

000 -LEADER
fixed length control field 00422cam a22001217a 4500
008 - FIXED-LENGTH DATA ELEMENTS--GENERAL INFORMATION
fixed length control field 180718b1955 xxu||||| |||| 00| 0 eng d
082 ## - DEWEY DECIMAL CLASSIFICATION NUMBER
Classification number B813x54 In2b/F
100 ## - MAIN ENTRY--PERSONAL NAME
Personal name Bihar. State Reorganisation Commission
245 ## - TITLE STATEMENT
Title Facts and figures for the State Reorganisation Commission
260 ## - PUBLICATION, DISTRIBUTION, ETC.
Place of publication, distribution, etc. Patna
Name of publisher, distributor, etc. The author
Date of publication, distribution, etc. 1955
300 ## - PHYSICAL DESCRIPTION
Extent 6 Parts
500 ## - GENERAL NOTE
General note Contents: Pt.1. 68p;Pt.2. 231p;Pt.3. 77p;Pt.4. 193p;Pt.5. 206p;Pt.6. 30p
Holdings
Withdrawn status Lost status Damaged status Not for loan Permanent Location Current Location Date acquired Full call number Barcode Date last seen Price effective from Koha item type
        Indian Institute of Public Administration Indian Institute of Public Administration 2018-08-04 B813x54 In2b/F GG5741 2018-08-04 2018-08-04 GG
        Indian Institute of Public Administration Indian Institute of Public Administration 2018-08-04 B813x54 In2b/F GG5740 2018-08-04 2018-08-04 GG
        Indian Institute of Public Administration Indian Institute of Public Administration 2018-08-04 B813x54 In2b/F GG5739 2018-08-04 2018-08-04 GG
        Indian Institute of Public Administration Indian Institute of Public Administration 2018-08-04 B813x54 In2b/F GG5738 2018-08-04 2018-08-04 GG
        Indian Institute of Public Administration Indian Institute of Public Administration 2018-08-04 B813x54 In2b/F GG5737 2018-08-04 2018-08-04 GG
        Indian Institute of Public Administration Indian Institute of Public Administration 2018-08-04 B813x54 In2b/F GG5736 2018-08-04 2018-08-04 GG
        Indian Institute of Public Administration Indian Institute of Public Administration 2018-08-04 B813x54 In2b/F GG5735 2018-08-04 2018-08-04 GG

Powered by Koha